| 000 | 00554nam a2200181Ia 4500 | ||
|---|---|---|---|
| 003 | GCL | ||
| 008 | 140319s9999 xx 000 0 ara d | ||
| 040 |
_aGCL / _cGCL |
||
| 082 | 0 | 4 |
_a213 _bا و |
| 100 | 1 | _aاحسان عسكر | |
| 245 | 1 | 0 |
_aوظائف التبليغ القرانى : اعلام الانسان بالشرائع والمنهج / _cاحسان عسكر |
| 300 | _a807 ص | ||
| 490 | _a | ||
| 650 | 0 | 4 | _aالاخلاق الاسلامية |
| 650 | 0 | 4 | _aالاسلام - دعوة |
| 650 | 0 | 4 | _aالقران - فضائل |
| 942 |
_2ddc _cBK |
||
| 999 |
_c37545 _d37545 |
||